| 000 | 00000nam##2200000za#4500 |
| 001 | 9.676756 |
| 003 | CaOODSP |
| 005 | 20210624230033 |
| 007 | cr ||||||||||| |
| 008 | 150407|1977||||xxc|||||o f|0| 0 fre|d |
| 040 | |aCaOODSP|bfre |
| 041 | |aeng |
| 041 | |afre |
| 043 | |an-cn--- |
| 086 | 1 |aRC31-2/1977-PDF |
| 110 | 1 |aCanada.|bCommission des revendications des Indiens. |
| 245 | 13|aUn rapport, Commissaire au revendications des indiens : |h[ressource électronique]|bdéclarations et mémoires / |cLloyd Barber, commissaire. |
| 260 | |aOttawa - Ontario : |bCommission des revendications des Indiens |cc1977. |
| 300 | |a130p. (Le texte français suit le texte anglais). |
| 500 | |aPublication historique numérisée en 2008 par le Bureau du Conseil privé du Canada. |
| 590 | |a15-04-Supp|b2015-03-19 |
| 691 | 07|aCommission d'enquête|2gcpds |
| 691 | 07|aDroits des autochtones|2gcpds |
| 691 | 07|aRevendication territoriale|2gcpds |
| 791 | |tA report, Commissioner on Indian Claims : |eeng|w(CaOODSP)9.676755 |
| 856 | 40|ahttp://publications.gc.ca|qPDF|s7.23 Mo|uhttps://publications.gc.ca/collections/collection_2014/trp-sct/RC31-2-1977.pdf |